00680nam a22002177a 450000500170000001000150001702000260003203500130005803700130007108200120008410000210009624501180011726000440023527000630027930000210034250000190036365000220038265000210040465000230042565000140044820100819154537.0 aENG-100973 a9788124114858c250.00 aEN-84506 bDBAD/PUB a303.625 aToscano, Roberto aBetween terrorism and global governance :bessays on ethics, violence and International law /cby Roberto Toscano aNew DelhibHar-Anand Publicationsc2009 aE-49/3, Okhla Industrial Area, Phase-IIbNew Delhie110020 a112p.c22cm (Hb) aIncludes index aInternational law aPolitical ethics aPolitical violence aTerrorism